| 000 | 00618nam a2200217Ia 4500 | ||
|---|---|---|---|
| 005 | 20250508161316.0 | ||
| 008 | 008 250505s9999 xx 000 0 eng d | ||
| 037 | _aTextBook | ||
| 040 |
_aFEDL _beng _cFEDL |
||
| 041 |
_aeng _2eng |
||
| 084 |
_a371.8, GRU/R _qFEDL |
||
| 100 | _aGruber Frederick C | ||
| 245 | 0 | _aSecondary school activities | |
| 260 |
_aNew York, USA _bMcGraw-Hill Book Company _c1954 |
||
| 300 | _axii,307p | ||
| 546 | _aAcc. No. 1057 is weeded out | ||
| 650 | _aStudent | ||
| 700 |
_a Beatty Thomas Bayard _9770561 |
||
| 942 |
_cTB _h371.8, GRU/R |
||
| 999 |
_c1369450 _d1369450 |
||